| 000 | 01167nam0a22002891 4500 | ||
|---|---|---|---|
| 001 | rc\4119698 | ||
| 005 | 20260407071405.0 | ||
| 021 |
_aRU _b[55-35320] |
||
| 035 | _a(NLR Aleph) 008151502 | ||
| 090 |
_a7780070 _c7780070 |
||
| 100 | _a20130415d1955 |||y0rusy50 ca | ||
| 101 | 0 |
_arus _afre |
|
| 102 | _aRU | ||
| 105 | _aa z ||||| | ||
| 200 | 1 | _aПрирода и механизм действия дрожжевой инвертазы | |
| 210 |
_aМосква _cИзд-во Акад. наук СССР _d1955 |
||
| 215 |
_a22 с., 12 л. ил. _d22 |
||
| 225 | 1 | _aСообщения и доклады на III Международном биохимическом конгрессе. Брюссель, 1-6 августа 1955 г. | |
| 300 | _aТекст парал. на рус. и фр. яз. | ||
| 320 | _aБиблиогр. в конце текста (20 назв.) | ||
| 606 |
_aИнвертаза _2psbo |
||
| 700 | 1 |
_7ca _8rus _aОпарин _bА. И. _f1894-1980 _gАлександр Иванович _3RU\NLR\AUTH\770278565 _92650532 |
|
| 801 | 0 |
_aRU _bNLR _gpsbo |
|
| 801 | 1 |
_aRU _bELAR _2rusmarc |
|
| 852 |
_aNLR _jБл02 Г-6/257 |
||
| 942 | _cBOOK | ||
| 980 | _aNB | ||